Af Christen Kolds dagbog paa Smyrnarejsen, (Record no. 37370)

MARC details
000 -LEADER
fixed length control field 00534cam a22001817 4500
001 - CONTROL NUMBER
control field ltf90016621
003 - CONTROL NUMBER IDENTIFIER
control field DLC
005 - DATE AND TIME OF LATEST TRANSACTION
control field 20260227111550.0
008 - FIXED-LENGTH DATA ELEMENTS--GENERAL INFORMATION
fixed length control field 901130s1944 dk 000 0 dan
010 ## - LIBRARY OF CONGRESS CONTROL NUMBER
LC control number ltf90016621
040 ## - CATALOGING SOURCE
Original cataloging agency DLC
Transcribing agency DLC
Modifying agency DLC
050 00 - LIBRARY OF CONGRESS CALL NUMBER
Classification number 4CT 402
100 1# - MAIN ENTRY--PERSONAL NAME
Personal name Kold, Christen Mikkelsen,
Dates associated with a name 1816-1870.
245 10 - TITLE STATEMENT
Title Af Christen Kolds dagbog paa Smyrnarejsen,
Statement of responsibility, etc. meddelt af Harald Holm.
250 ## - EDITION STATEMENT
Edition statement 2. udg.
Remainder of edition statement Med forord og tillæg ved Ernst J. Borup.
260 ## - PUBLICATION, DISTRIBUTION, ETC.
Place of publication, distribution, etc. København,
Name of publisher, distributor, etc. H. Holm,
Date of publication, distribution, etc. 1944.
300 ## - PHYSICAL DESCRIPTION
Extent 143 p.

No items available.

Powered by Koha